| 000 | 00810nam a2200205 i 4500 | ||
|---|---|---|---|
| 001 | 22126 | ||
| 003 | ES-MaACL | ||
| 005 | 20230906152626.0 | ||
| 007 | t| | ||
| 008 | 021216s1839 sp ||||1| spa d | ||
| 080 | _a061.21(460.27) Ateneo (058.7)"1839" | ||
| 110 | 2 |
_aAteneo de Madrid. _91875 |
|
| 245 | 1 | 0 | _aLista alfabética de los señores socios del Ateneo Científico, Literario y Artístico de Madrid, en 1º de enero de 1839. |
| 260 |
_aMadrid : _b[s.n.], _c1839 ( _fImprenta del Colegio Nacional de Sordo-Mudos) |
||
| 300 |
_a19 p. ; _c18 cm. |
||
| 610 | 2 | 7 |
_aAteneo de Madrid- _vListas de socios. _91928 |
| 610 | 2 |
_aAteneo de Madrid- _vObras digitalizadas. _91930 |
|
| 852 |
_aES-MaACL _jT-415-F-14 |
||
| 856 | 4 |
_uhttp://www.ateneodemadrid.net/biblioteca_digital/folletos/Socios-1839.pdf _zVer documento |
|
| 999 |
_c22126 _d22126 |
||